000
00319nam a2200133Ia 4500
008
240116s9999 xx 000 0 und d
082
_a
345.9
_b
MAH-C
100
_a
Mahmood, Shukat
245
0
_a
Contract Act, 1872
260
_a
Pakistan
_b
legal Research center
_c
2022
300
_a
329
650
_a
Law
999
_c
35095
_d
35095